El sector informal desde una nueva perspectiva /
Guardado en:
| Hovedforfatter: | |
|---|---|
| Format: | Texto |
| Fag: | |
| Tags: |
Tilføj Tag
Ingen Tags, Vær først til at tagge denne postø!
|
MARC
| LEADER | 00000 a a2200000 04500 | ||
|---|---|---|---|
| 001 | 41633 | ||
| 003 | |||
| 040 | |||
| 100 | |a Otero, María | ||
| 245 | |a El sector informal desde una nueva perspectiva / |c María Otero | ||
| 650 | |a SECTOR INFORMAL | ||
| 650 | |a POBREZA | ||
| 650 | |a CREDITO | ||
| 650 | |a PRESTAMOS | ||
| 650 | |a GOBIERNO | ||
| 773 | |g volumen13, número1 (1989), páginas 3-8 | ||
| 999 | |c 19797 |d 19797 | ||
